00980nam a22002777a 4500001001000000003000900010005001700019007000300036008003400039040005400073041001000127072001400137090001900151110008800170111007800258245003900336260003700375300001100412650002000423650002300443650002400466909003600490942000700526999001700533952015200550BR8405170BR-BrBNA20230928092029.0ta230509b bl.||||| |||| 00| 0 por d aBR-BrBNAbporcBiblioteca Nacional de Agricultura a(Por) aL51b8950  8950 BR84051701 aSindicato Nacional da Industria de Defensivos Animais, Sao Paulo, SP (Brasil)995431 a1. Simposio sobre Nutricao MineralcSao Paulo, SP (Brazil)d9-11 May 19841 a1. Simposio sobre Nutricao Mineral3 aSao Paulo, SP (Brasil): c1984.  a103 p. aNUTRICAO ANIMAL aSUPLEMENTO MINERAL aMETABOLISMO MINERAL a202309bLuciac55dLucia Elande cBK c36792d36792 002AGRIS40708AGROBASEa41918b41918l0o 8950 BR8405170p8950 BR8405170r2023-09-25t01yBK10d2023-09-25ePortaria Interministerial nÂș 164/94